000 00689nam a2200205Ia 4500
001 5352
003 GE_BSU
008 181216s||||||||xx |||||||||||||| ||und||
040 _cGE_BSU
080 _a510.2
100 _aГильберт Д. Бернайс П.
245 _aОснования математики. Теория доказательств.
245 _cПеревод с немецкого Н.М. Нагородного. Под ред. С.И. Адяна.
260 _aМосква
260 _bНаука
260 _c1982
300 _a652 с. 22 см.
653 _aОснования математики. Теория доказательств.
942 _cBK
999 _c38929
_d38929